| 000 | 00672nam a22002297a 4500 | ||
|---|---|---|---|
| 999 |
_c14238 _d14238 |
||
| 003 | AR-CdUCM | ||
| 008 | 190422b ||||| |||| 00| 0 spa d | ||
| 020 | _a978-84-263-7284-0 | ||
| 040 |
_aMUNICIPALIDAD PROVINCIAL DEL CUSCO _cBIBLIOTECA MUNICIPAL DEL CUSCO |
||
| 082 |
_aEP / 803 / _bN45 |
||
| 100 |
_aNesquens, Daniel. _932932 |
||
| 245 | _aEl canario de Brunei / | ||
| 260 |
_aEspaña : _bEdelvives, _c2009. |
||
| 300 |
_a86 páginas ; _c20 cm. |
||
| 440 |
_aSerie azul _932933 |
||
| 500 | _aAla delta. | ||
| 505 | _aContenido :El canario de Brunei. | ||
| 650 |
_aCuentos _9217 |
||
| 650 |
_aHistorias _92725 |
||
| 942 |
_2ddc _cLIBROS |
||
| 945 |
_arum _d2019-04-22 |
||